| 000 | 00592nam a2200193 a 4500 | ||
|---|---|---|---|
| 005 | 20210223121403.0 | ||
| 008 | 991125s1979 mx 000 0 spa u | ||
| 020 | _a9683400655 | ||
| 035 | _aUPN01000016774 | ||
| 049 | _aCG | ||
| 050 | 4 |
_aPN6019 G7 _bJ6.38 |
|
| 100 | 1 |
_aJoyce, James, _d1882-1941 |
|
| 245 | 1 | 0 |
_aDublineses ; Retrato del artista adolescente / _cJames Joyce ; tr. Guillermo Cabrera Infante |
| 260 |
_aMéxico : _bPROMEXA, _c1979 |
||
| 300 |
_axiv, 214, 288 p. : _bil |
||
| 440 | 4 | _aLas grandes obras del siglo veinte | |
| 650 | 4 |
_aCUENTOS IRLANDESES _913131 |
|
| 905 | _aLibro | ||
| 999 |
_c16774 _d16774 |
||